[Event "World Chess Olympiad 2018"]
[Site "Batumi"]
[Date "2018.09.25"]
[Round "2"]
[Board "2"]
[WhiteFideId "4500024"]
[White "Ladva Ottomar"]
[BlackFideId "3409350"]
[Black "Henriquez Villagra Cristobal"]
[Result "1/2-1/2"]
[LiveChessVersion "1.4.8"]
[BlackElo "2519"]
[WhiteElo "2500"]

1. c4 {[%clk 1:30:56]} e6 {[%clk 1:30:42]} 2. g3 {[%clk 1:29:20]} d5
{[%clk 1:30:55]} 3. Bg2 {[%clk 1:29:16]} Nf6 {[%clk 1:31:15]} 4. d4
{[%clk 1:28:35]} dxc4 {[%clk 1:25:50]} 5. Nf3 {[%clk 1:26:16]} a6
{[%clk 1:26:02]} 6. O-O {[%clk 1:26:21]} Nc6 {[%clk 1:26:25]} 7. Bg5
{[%clk 1:25:32]} Be7 {[%clk 1:16:24]} 8. e3 {[%clk 1:25:35]} Bd7 {[%clk 1:10:41]}
9. Qe2 {[%clk 1:23:02]} b5 {[%clk 1:01:55]} 10. Nbd2 {[%clk 1:19:23]} Nd5
{[%clk 0:53:15]} 11. Bxe7 {[%clk 1:19:25]} Qxe7 {[%clk 0:53:41]} 12. Rfc1
{[%clk 1:13:23]} O-O {[%clk 0:50:44]} 13. e4 {[%clk 1:05:15]} Nb6
{[%clk 0:44:02]} 14. b3 {[%clk 1:01:40]} e5 {[%clk 0:40:28]} 15. dxe5
{[%clk 0:57:50]} Be6 {[%clk 0:35:31]} 16. Qe3 {[%clk 0:54:52]} Bg4
{[%clk 0:31:24]} 17. bxc4 {[%clk 0:46:16]} Bxf3 {[%clk 0:31:23]} 18. Bxf3
{[%clk 0:46:23]} Nxe5 {[%clk 0:18:55]} 19. Be2 {[%clk 0:44:32]} Rfd8
{[%clk 0:15:29]} 20. Kg2 {[%clk 0:30:04]} Qb4 {[%clk 0:14:41]} 21. Rc2
{[%clk 0:22:29]} bxc4 {[%clk 0:12:53]} 22. Rb1 {[%clk 0:21:13]} Qa4
{[%clk 0:11:09]} 23. Qc3 {[%clk 0:17:25]} Qe8 {[%clk 0:11:34]} 24. Qe3
{[%clk 0:15:02]} Qa4 {[%clk 0:10:41]} 25. Qc3 {[%clk 0:15:06]} Qe8
{[%clk 0:11:09]} 26. Qe3 {[%clk 0:15:30]} Qe6 {[%clk 0:07:50]} 27. Rbc1
{[%clk 0:12:45]} Nd3 {[%clk 0:06:43]} 28. Bxd3 {[%clk 0:09:29]} Rxd3
{[%clk 0:07:09]} 29. Qf4 {[%clk 0:09:10]} Rd4 {[%clk 0:03:30]} 30. Qxc7
{[%clk 0:08:23]} Rad8 {[%clk 0:03:47]} 31. Nf3 {[%clk 0:06:45]} R4d7
{[%clk 0:01:12]} 32. Qf4 {[%clk 0:05:43]} h6 {[%clk 0:01:37]} 33. a4
{[%clk 0:04:53]} a5 {[%clk 0:00:47]} 34. Qe5 {[%clk 0:04:35]} Qc6
{[%clk 0:00:34]} 35. Qxa5 {[%clk 0:04:09]} Qxe4 {[%clk 0:00:45]} 36. Qe5
{[%clk 0:03:23]} Qa8 {[%clk 0:01:10]} 37. Rc3 {[%clk 0:00:35]} Rd3
{[%clk 0:01:11]} 38. Rxd3 {[%clk 0:00:39]} Rxd3 {[%clk 0:01:38]} 39. Qe2
{[%clk 0:00:39]} Qxa4 {[%clk 0:00:34]} 40. Ne5 {[%clk 0:30:44]} Qa8+
{[%clk 0:30:41]} 41. Kg1 {[%clk 0:30:07]} Rd4 {[%clk 0:22:59]} 42. Rb1
{[%clk 0:21:40]} Qd5 {[%clk 0:10:36]} 43. Ng4 {[%clk 0:15:38]} Nd7
{[%clk 0:09:26]} 44. Qe8+ {[%clk 0:13:40]} Kh7 {[%clk 0:09:16]} 45. Ne3
{[%clk 0:13:53]} Qf3 {[%clk 0:04:04]} 46. Nxc4 {[%clk 0:06:30]} Nc5
{[%clk 0:03:07]} 47. Ne3 {[%clk 0:03:38]} Ne4 {[%clk 0:03:17]} 48. Rb2
{[%clk 0:02:20]} Ng5 {[%clk 0:01:06]} 49. Qc8 {[%clk 0:02:00]} Rd1+
{[%clk 0:00:37]} 50. Nxd1 {[%clk 0:02:27]} Qxd1+ {[%clk 0:01:04]} 51. Kg2
{[%clk 0:02:52]} Qf3+ {[%clk 0:01:33]} 52. Kg1 {[%clk 0:02:52]} Qd1+
{[%clk 0:01:17]} 53. Kg2 {[%clk 0:03:20]} 1/2-1/2

[Event "World Chess Olympiad 2018"]
[Site "Batumi"]
[Date "2018.09.25"]
[Round "2"]
[Board "3"]
[WhiteFideId "3407128"]
[White "Salinas Herrera Pablo"]
[BlackFideId "4501950"]
[Black "Volodin Aleksandr"]
[Result "1-0"]
[LiveChessVersion "1.4.8"]
[BlackElo "2457"]
[WhiteElo "2486"]

1. d4 {[%clk 1:30:57]} d5 {[%clk 1:30:54]} 2. c4 {[%clk 1:31:21]} e6
{[%clk 1:31:19]} 3. Nc3 {[%clk 1:31:47]} Nf6 {[%clk 1:31:33]} 4. cxd5
{[%clk 1:31:41]} exd5 {[%clk 1:31:47]} 5. Bg5 {[%clk 1:31:58]} c6
{[%clk 1:31:23]} 6. e3 {[%clk 1:32:21]} h6 {[%clk 1:26:19]} 7. Bh4
{[%clk 1:32:43]} Be7 {[%clk 1:22:43]} 8. Bd3 {[%clk 1:32:56]} O-O
{[%clk 1:23:07]} 9. Nge2 {[%clk 1:31:47]} Re8 {[%clk 1:23:27]} 10. O-O
{[%clk 1:31:52]} Nbd7 {[%clk 1:23:14]} 11. Qc2 {[%clk 1:32:15]} Ne4
{[%clk 1:22:59]} 12. Bxe7 {[%clk 1:23:35]} Qxe7 {[%clk 1:23:20]} 13. Rae1
{[%clk 1:12:09]} Ndf6 {[%clk 1:23:36]} 14. f3 {[%clk 1:10:47]} Nxc3
{[%clk 1:24:01]} 15. Nxc3 {[%clk 1:11:14]} Qd6 {[%clk 1:24:10]} 16. a3
{[%clk 1:01:58]} Be6 {[%clk 1:19:39]} 17. Ne2 {[%clk 1:01:40]} Rad8
{[%clk 0:52:33]} 18. Qd2 {[%clk 0:55:21]} Bc8 {[%clk 0:45:52]} 19. Bb1
{[%clk 0:49:27]} b6 {[%clk 0:40:33]} 20. Ng3 {[%clk 0:47:49]} c5 {[%clk 0:39:29]}
21. Rd1 {[%clk 0:45:48]} h5 {[%clk 0:37:10]} 22. Rfe1 {[%clk 0:44:10]} g6
{[%clk 0:32:20]} 23. Ne2 {[%clk 0:42:11]} Bb7 {[%clk 0:24:13]} 24. Nf4
{[%clk 0:38:43]} c4 {[%clk 0:23:48]} 25. Qf2 {[%clk 0:38:36]} Re7
{[%clk 0:20:39]} 26. Qg3 {[%clk 0:36:33]} b5 {[%clk 0:19:44]} 27. Re2
{[%clk 0:28:37]} a5 {[%clk 0:14:04]} 28. Qg5 {[%clk 0:25:32]} Rde8
{[%clk 0:07:09]} 29. h3 {[%clk 0:21:00]} b4 {[%clk 0:06:21]} 30. axb4
{[%clk 0:21:26]} axb4 {[%clk 0:06:48]} 31. Kf2 {[%clk 0:21:00]} c3
{[%clk 0:02:58]} 32. bxc3 {[%clk 0:20:23]} bxc3 {[%clk 0:03:23]} 33. Bd3
{[%clk 0:20:28]} Rc7 {[%clk 0:02:03]} 34. Rc1 {[%clk 0:18:09]} Qe7
{[%clk 0:01:31]} 35. h4 {[%clk 0:17:42]} Qd6 {[%clk 0:01:17]} 36. Qg3
{[%clk 0:17:11]} Qe7 {[%clk 0:00:51]} 37. Ra1 {[%clk 0:12:54]} Rec8
{[%clk 0:00:58]} 38. Qg5 {[%clk 0:12:02]} Qd6 {[%clk 0:00:41]} 39. Rc2
{[%clk 0:11:05]} Re8 {[%clk 0:00:42]} 40. Rac1 {[%clk 0:39:08]} Rec8
{[%clk 0:30:32]} 41. Bf5 {[%clk 0:37:00]} Re8 {[%clk 0:30:51]} 42. Rxc3
{[%clk 0:33:11]} Rxc3 {[%clk 0:30:26]} 43. Rxc3 {[%clk 0:33:37]} Nh7
{[%clk 0:28:11]} 44. Qg3 {[%clk 0:33:04]} Qb4 {[%clk 0:26:49]} 45. Ne2
{[%clk 0:32:43]} Ba6 {[%clk 0:26:30]} 46. Bxg6 {[%clk 0:19:09]} Bxe2
{[%clk 0:26:54]} 47. Bxh7+ {[%clk 0:19:36]} Kh8 {[%clk 0:25:26]} 48. Qc7
{[%clk 0:15:51]} Bc4 {[%clk 0:20:18]} 49. Qxf7 {[%clk 0:06:46]} Qxc3
{[%clk 0:17:32]} 50. Qxe8+ {[%clk 0:07:12]} Kxh7 {[%clk 0:17:57]} 51. Qxh5+
{[%clk 0:07:37]} Kg7 {[%clk 0:18:20]} 52. Qe5+ {[%clk 0:07:59]} Kf8
{[%clk 0:18:08]} 53. Kg3 {[%clk 0:07:34]} Qe1+ {[%clk 0:18:25]} 54. Kg4
{[%clk 0:08:00]} Bd3 {[%clk 0:13:59]} 55. Qf6+ {[%clk 0:06:23]} Kg8
{[%clk 0:13:41]} 56. Kf4 {[%clk 0:06:19]} Qf2 {[%clk 0:13:10]} 57. Qg5+
{[%clk 0:06:08]} Kh8 {[%clk 0:11:54]} 58. h5 {[%clk 0:05:13]} Qg1
{[%clk 0:11:09]} 59. h6 {[%clk 0:04:57]} Bg6 {[%clk 0:11:27]} 60. Qf6+ 1-0

[Event "World Chess Olympiad 2018"]
[Site "Batumi"]
[Date "2018.09.25"]
[Round "2"]
[Board "4"]
[WhiteFideId "4500458"]
[White "Sirosh Ilja"]
[BlackFideId "3406903"]
[Black "Garcia Cardenas Pablo"]
[Result "1-0"]
[LiveChessVersion "1.4.8"]
[BlackElo "2444"]
[WhiteElo "2380"]

1. d4 {[%clk 1:30:57]} d5 {[%clk 1:30:52]} 2. c4 {[%clk 1:31:23]} e6
{[%clk 1:31:18]} 3. Nf3 {[%clk 1:31:49]} Nf6 {[%clk 1:31:40]} 4. g3
{[%clk 1:32:14]} dxc4 {[%clk 1:31:09]} 5. Bg2 {[%clk 1:32:38]} a6
{[%clk 1:31:26]} 6. O-O {[%clk 1:32:49]} Nc6 {[%clk 1:31:19]} 7. e3
{[%clk 1:33:01]} Bd7 {[%clk 1:31:05]} 8. Qe2 {[%clk 1:33:19]} Bd6
{[%clk 1:30:21]} 9. Qxc4 {[%clk 1:31:01]} O-O {[%clk 1:30:24]} 10. Rd1
{[%clk 1:26:39]} Rb8 {[%clk 1:26:05]} 11. Nbd2 {[%clk 1:24:34]} Qe7
{[%clk 1:22:38]} 12. Qc2 {[%clk 1:18:54]} e5 {[%clk 1:14:03]} 13. dxe5
{[%clk 1:18:48]} Nxe5 {[%clk 1:13:56]} 14. Nxe5 {[%clk 1:16:58]} Bxe5
{[%clk 1:13:04]} 15. Nc4 {[%clk 1:14:47]} Rfd8 {[%clk 1:09:30]} 16. Bd2
{[%clk 1:09:53]} Bb5 {[%clk 0:56:28]} 17. Nxe5 {[%clk 1:05:59]} Qxe5
{[%clk 0:55:58]} 18. Bc3 {[%clk 1:06:06]} Rxd1+ {[%clk 0:39:28]} 19. Rxd1
{[%clk 1:06:17]} Qc5 {[%clk 0:39:04]} 20. Bxb7 {[%clk 0:59:16]} h6
{[%clk 0:29:12]} 21. Bf3 {[%clk 0:57:06]} Bc6 {[%clk 0:26:29]} 22. Bxc6
{[%clk 0:52:57]} Qxc6 {[%clk 0:26:54]} 23. Rc1 {[%clk 0:52:44]} Ne4
{[%clk 0:18:21]} 24. Bd4 {[%clk 0:46:23]} Qxc2 {[%clk 0:18:25]} 25. Rxc2
{[%clk 0:46:47]} c5 {[%clk 0:18:51]} 26. Be5 {[%clk 0:42:30]} Rd8
{[%clk 0:18:10]} 27. f3 {[%clk 0:38:38]} Rd1+ {[%clk 0:11:44]} 28. Kg2
{[%clk 0:38:57]} f6 {[%clk 0:12:08]} 29. fxe4 {[%clk 0:34:07]} fxe5
{[%clk 0:12:35]} 30. Kf3 {[%clk 0:34:28]} Kf7 {[%clk 0:06:35]} 31. Rxc5
{[%clk 0:29:16]} Rd2 {[%clk 0:06:23]} 32. h4 {[%clk 0:28:39]} Rxb2
{[%clk 0:05:49]} 33. Ra5 {[%clk 0:29:03]} g6 {[%clk 0:04:52]} 34. Rxa6
{[%clk 0:26:15]} h5 {[%clk 0:05:17]} 35. a4 {[%clk 0:23:02]} Ra2 {[%clk 0:04:25]}
36. a5 {[%clk 0:23:27]} Kg7 {[%clk 0:04:34]} 37. Ra7+ {[%clk 0:23:38]} Kf6
{[%clk 0:01:32]} 38. a6 {[%clk 0:23:28]} Ke6 {[%clk 0:00:34]} 39. g4
{[%clk 0:21:13]} hxg4+ {[%clk 0:00:52]} 40. Kxg4 {[%clk 0:51:41]} Rg2+
{[%clk 0:30:33]} 41. Kf3 {[%clk 0:51:58]} Ra2 {[%clk 0:27:05]} 42. Ra8
{[%clk 0:50:13]} Kf6 {[%clk 0:25:07]} 43. a7 {[%clk 0:50:27]} Kg7
{[%clk 0:25:29]} 44. Kg4 {[%clk 0:50:39]} Rg2+ {[%clk 0:25:30]} 45. Kh3
{[%clk 0:50:48]} Ra2 {[%clk 0:25:53]} 46. h5 {[%clk 0:50:58]} 1-0

[Event "World Chess Olympiad 2018"]
[Site "Batumi"]
[Date "2018.09.25"]
[Round "2"]
[Board "1"]
[WhiteFideId "14403803"]
[White "Kadric Denis"]
[BlackFideId "7200595"]
[Black "Ziska Helgi Dam"]
[Result "1/2-1/2"]
[LiveChessVersion "1.4.8"]
[BlackElo "2550"]
[WhiteElo "2543"]

1. e4 {[%clk 1:30:58]} c5 {[%clk 1:30:31]} 2. Nc3 {[%clk 1:31:26]} d6
{[%clk 1:30:15]} 3. f4 {[%clk 1:31:52]} g6 {[%clk 1:30:05]} 4. Nf3
{[%clk 1:32:20]} Bg7 {[%clk 1:29:53]} 5. Bb5+ {[%clk 1:32:48]} Bd7
{[%clk 1:29:27]} 6. Bc4 {[%clk 1:33:16]} Nc6 {[%clk 1:29:02]} 7. O-O
{[%clk 1:33:43]} Nd4 {[%clk 1:27:04]} 8. Nxd4 {[%clk 1:33:20]} cxd4
{[%clk 1:27:25]} 9. Ne2 {[%clk 1:33:43]} Bc6 {[%clk 1:25:37]} 10. d3
{[%clk 1:31:54]} d5 {[%clk 1:25:37]} 11. exd5 {[%clk 1:31:37]} Bxd5
{[%clk 1:25:51]} 12. Bb5+ {[%clk 1:30:47]} Kf8 {[%clk 1:24:17]} 13. Bc4
{[%clk 1:25:24]} Nh6 {[%clk 1:16:51]} 14. Ng3 {[%clk 1:22:59]} f5
{[%clk 1:15:47]} 15. a4 {[%clk 1:12:01]} Rc8 {[%clk 1:11:27]} 16. b3
{[%clk 1:04:19]} Ng4 {[%clk 0:49:07]} 17. Ne2 {[%clk 1:04:45]} a6
{[%clk 0:33:53]} 18. h3 {[%clk 1:03:06]} Ne3 {[%clk 0:33:10]} 19. Bxe3
{[%clk 1:03:31]} dxe3 {[%clk 0:33:35]} 20. c3 {[%clk 1:03:50]} b5
{[%clk 0:28:36]} 21. axb5 {[%clk 1:04:13]} axb5 {[%clk 0:29:01]} 22. Bxd5
{[%clk 1:04:33]} Qxd5 {[%clk 0:29:26]} 23. d4 {[%clk 1:05:01]} b4
{[%clk 0:28:00]} 24. c4 {[%clk 1:05:17]} Qe4 {[%clk 0:27:52]} 25. Qb1
{[%clk 1:01:47]} Qxb1 {[%clk 0:26:12]} 26. Raxb1 {[%clk 0:53:19]} Ra8
{[%clk 0:22:18]} 27. Rf3 {[%clk 0:50:00]} Ra2 {[%clk 0:21:04]} 28. Rxe3
{[%clk 0:50:26]} Rd2 {[%clk 0:21:24]} 29. d5 {[%clk 0:50:29]} Kf7
{[%clk 0:20:51]} 30. Kf1 {[%clk 0:50:34]} Ra8 {[%clk 0:19:10]} 31. Ke1
{[%clk 0:47:11]} Raa2 {[%clk 0:16:07]} 32. Rd1 {[%clk 0:46:46]} Rdb2
{[%clk 0:13:04]} 33. c5 {[%clk 0:37:05]} Bc3+ {[%clk 0:12:30]} 34. Kf1
{[%clk 0:37:34]} Bd2 {[%clk 0:08:20]} 35. Rf3 {[%clk 0:37:57]} Ke8
{[%clk 0:07:20]} 36. c6 {[%clk 0:31:49]} Kd8 {[%clk 0:07:21]} 37. g3
{[%clk 0:29:12]} Kc7 {[%clk 0:03:04]} 38. Rd3 {[%clk 0:27:39]} Kc8
{[%clk 0:00:39]} 39. h4 {[%clk 0:23:12]} Kc7 {[%clk 0:00:44]} 40. Rf3
{[%clk 0:45:20]} Kc8 {[%clk 0:30:50]} 1/2-1/2

[Event "World Chess Olympiad 2018"]
[Site "Batumi"]
[Date "2018.09.25"]
[Round "2"]
[Board "1"]
[WhiteFideId "4300106"]
[White "Dive Russell John"]
[BlackFideId "696358"]
[Black "Bellahcene Bilel"]
[Result "0-1"]
[LiveChessVersion "1.4.8"]
[BlackElo "2501"]
[WhiteElo "2297"]

1. c4 {[%clk 1:30:44]} Nf6 {[%clk 1:30:39]} 2. Nf3 {[%clk 1:30:33]} c5
{[%clk 1:31:05]} 3. g3 {[%clk 1:29:48]} d5 {[%clk 1:31:22]} 4. cxd5
{[%clk 1:29:51]} Nxd5 {[%clk 1:31:48]} 5. Bg2 {[%clk 1:29:38]} Nc6
{[%clk 1:32:15]} 6. O-O {[%clk 1:28:12]} Nc7 {[%clk 1:32:41]} 7. d3
{[%clk 1:24:41]} g6 {[%clk 1:32:52]} 8. Nbd2 {[%clk 1:20:38]} Bg7
{[%clk 1:32:41]} 9. Nc4 {[%clk 1:19:01]} O-O {[%clk 1:31:40]} 10. Rb1
{[%clk 1:13:17]} b6 {[%clk 1:30:42]} 11. a3 {[%clk 1:12:11]} Be6 {[%clk 1:16:13]}
12. Bd2 {[%clk 1:03:32]} Rc8 {[%clk 1:05:02]} 13. b4 {[%clk 0:52:56]} b5
{[%clk 1:04:29]} 14. Ne3 {[%clk 0:48:11]} cxb4 {[%clk 1:04:46]} 15. axb4
{[%clk 0:47:40]} Qd7 {[%clk 0:54:35]} 16. Ng5 {[%clk 0:41:09]} Ba2
{[%clk 0:52:50]} 17. Rc1 {[%clk 0:40:35]} Nd4 {[%clk 0:52:23]} 18. Ne4
{[%clk 0:37:59]} Nce6 {[%clk 0:47:42]} 19. Nc5 {[%clk 0:33:32]} Nxc5
{[%clk 0:44:58]} 20. bxc5 {[%clk 0:30:48]} Be6 {[%clk 0:43:27]} 21. Bb4
{[%clk 0:20:19]} Bh3 {[%clk 0:42:53]} 22. Bxh3 {[%clk 0:03:41]} Qxh3
{[%clk 0:43:21]} 23. Nd5 {[%clk 0:03:48]} Qd7 {[%clk 0:42:40]} 24. e4
{[%clk 0:02:52]} Rc6 {[%clk 0:42:25]} 25. Kg2 {[%clk 0:02:36]} Ra8
{[%clk 0:41:13]} 26. h3 {[%clk 0:01:33]} e6 {[%clk 0:41:14]} 27. Ne3
{[%clk 0:01:29]} a5 {[%clk 0:41:16]} 28. Ba3 {[%clk 0:01:01]} Rac8
{[%clk 0:40:58]} 29. Bb2 {[%clk 0:00:50]} Rxc5 {[%clk 0:40:11]} 30. Rxc5
{[%clk 0:01:03]} Rxc5 {[%clk 0:40:40]} 31. Ba1 {[%clk 0:00:47]} a4
{[%clk 0:37:50]} 32. Qb1 {[%clk 0:00:59]} Nb3 {[%clk 0:37:53]} 33. Bxg7
{[%clk 0:00:50]} Kxg7 {[%clk 0:38:22]} 34. Rd1 {[%clk 0:00:49]} Qd4
{[%clk 0:35:03]} 35. Qa2 {[%clk 0:00:44]} Rc3 {[%clk 0:35:12]} 36. Qe2
{[%clk 0:00:34]} a3 {[%clk 0:35:29]} 37. Ng4 {[%clk 0:00:36]} h5 {[%clk 0:35:08]}
38. Nh2 {[%clk 0:01:01]} Nc1 {[%clk 0:34:30]} 39. Qe1 {[%clk 0:01:16]} a2
{[%clk 0:34:42]} 40. Nf3 {[%clk 0:31:26]} Qc5 {[%clk 1:04:37]} 41. d4
{[%clk 0:31:33]} Qc7 {[%clk 1:04:29]} 0-1

[Event "World Chess Olympiad 2018"]
[Site "Batumi"]
[Date "2018.09.25"]
[Round "2"]
[Board "2"]
[WhiteFideId "7900309"]
[White "Rizouk Aimen"]
[BlackFideId "405647"]
[Black "Hague Ben"]
[Result "1/2-1/2"]
[LiveChessVersion "1.4.8"]
[BlackElo "2405"]
[WhiteElo "2445"]

1. e4 {[%clk 1:30:57]} c5 {[%clk 1:30:53]} 2. Nf3 {[%clk 1:31:15]} Nc6
{[%clk 1:31:17]} 3. d4 {[%clk 1:31:26]} cxd4 {[%clk 1:31:42]} 4. Nxd4
{[%clk 1:31:53]} e5 {[%clk 1:32:01]} 5. Nb5 {[%clk 1:32:13]} d6 {[%clk 1:32:22]}
6. N1c3 {[%clk 1:32:15]} a6 {[%clk 1:32:31]} 7. Na3 {[%clk 1:32:42]} Be7
{[%clk 1:32:55]} 8. Nc4 {[%clk 1:32:05]} b5 {[%clk 1:32:34]} 9. Ne3
{[%clk 1:28:46]} Nf6 {[%clk 1:32:47]} 10. Bd3 {[%clk 1:28:41]} O-O
{[%clk 1:32:03]} 11. O-O {[%clk 1:19:18]} Rb8 {[%clk 1:29:15]} 12. Ncd5
{[%clk 1:08:09]} Be6 {[%clk 1:22:04]} 13. a4 {[%clk 1:06:49]} Nd7
{[%clk 1:09:35]} 14. axb5 {[%clk 0:58:49]} axb5 {[%clk 1:09:50]} 15. b4
{[%clk 0:58:49]} Bg5 {[%clk 0:59:46]} 16. c3 {[%clk 0:58:21]} Bxe3
{[%clk 0:52:20]} 17. Nxe3 {[%clk 0:57:34]} Nf6 {[%clk 0:51:12]} 18. Qe2
{[%clk 0:55:07]} Qb6 {[%clk 0:50:11]} 19. Rd1 {[%clk 0:37:34]} Rfd8
{[%clk 0:45:50]} 20. Bc2 {[%clk 0:37:24]} Ne7 {[%clk 0:42:18]} 21. Bb2
{[%clk 0:34:00]} Qb7 {[%clk 0:38:06]} 22. f3 {[%clk 0:28:02]} Ng6
{[%clk 0:34:15]} 23. Kh1 {[%clk 0:27:51]} Nf4 {[%clk 0:31:15]} 24. Qf2
{[%clk 0:27:26]} Qb6 {[%clk 0:29:13]} 25. Qe1 {[%clk 0:23:27]} h5
{[%clk 0:26:15]} 26. Bc1 {[%clk 0:18:17]} Ng6 {[%clk 0:19:58]} 27. Bd2
{[%clk 0:08:16]} Qc6 {[%clk 0:12:13]} 28. Ra5 {[%clk 0:03:14]} d5
{[%clk 0:08:43]} 29. exd5 {[%clk 0:03:40]} Nxd5 {[%clk 0:09:03]} 30. Be4
{[%clk 0:02:13]} Nge7 {[%clk 0:07:20]} 31. Raa1 {[%clk 0:01:13]} Qc7
{[%clk 0:06:50]} 32. Nxd5 {[%clk 0:00:52]} Nxd5 {[%clk 0:07:09]} 33. Qh4
{[%clk 0:00:52]} Nf6 {[%clk 0:06:57]} 34. Bc2 {[%clk 0:00:55]} Ra8
{[%clk 0:05:32]} 35. Rxa8 {[%clk 0:00:46]} Rxa8 {[%clk 0:05:58]} 36. Qe1
{[%clk 0:00:49]} Rc8 {[%clk 0:05:11]} 37. Be3 {[%clk 0:00:36]} Nd7
{[%clk 0:04:02]} 38. Rc1 {[%clk 0:00:36]} Qc4 {[%clk 0:03:10]} 39. Qd2
{[%clk 0:00:36]} Nf6 {[%clk 0:02:17]} 40. Bd3 {[%clk 0:30:36]} Qd5
{[%clk 0:31:09]} 41. Qe2 {[%clk 0:21:06]} e4 {[%clk 0:27:47]} 42. fxe4
{[%clk 0:14:38]} 1/2-1/2

[Event "World Chess Olympiad 2018"]
[Site "Batumi"]
[Date "2018.09.25"]
[Round "2"]
[Board "3"]
[WhiteFideId "4300599"]
[White "Kulashko Alexei"]
[BlackFideId "7900872"]
[Black "Arab Adlane"]
[Result "1/2-1/2"]
[LiveChessVersion "1.4.8"]
[BlackElo "2482"]
[WhiteElo "2349"]

1. e4 {[%clk 1:30:57]} c5 {[%clk 1:30:48]} 2. Nf3 {[%clk 1:31:19]} d6
{[%clk 1:31:10]} 3. Bb5+ {[%clk 1:31:37]} Bd7 {[%clk 1:31:11]} 4. Bxd7+
{[%clk 1:31:15]} Qxd7 {[%clk 1:31:34]} 5. O-O {[%clk 1:28:25]} Nc6
{[%clk 1:30:08]} 6. c4 {[%clk 1:26:41]} Nf6 {[%clk 1:29:02]} 7. Nc3
{[%clk 1:26:52]} e6 {[%clk 1:28:30]} 8. d4 {[%clk 1:21:59]} cxd4 {[%clk 1:28:52]}
9. Nxd4 {[%clk 1:22:25]} Be7 {[%clk 1:29:12]} 10. Be3 {[%clk 1:17:53]} O-O
{[%clk 1:28:48]} 11. Rc1 {[%clk 1:12:39]} Rfd8 {[%clk 1:17:39]} 12. Qe2
{[%clk 1:09:13]} a6 {[%clk 1:14:28]} 13. Rfd1 {[%clk 1:08:18]} Nxd4
{[%clk 1:09:32]} 14. Bxd4 {[%clk 1:07:03]} Qc6 {[%clk 1:09:47]} 15. b3
{[%clk 1:01:53]} Rac8 {[%clk 1:06:32]} 16. a4 {[%clk 0:52:00]} Nd7
{[%clk 0:58:50]} 17. Nd5 {[%clk 0:45:12]} Bf8 {[%clk 0:58:37]} 18. Nb4
{[%clk 0:40:23]} Qc7 {[%clk 0:58:53]} 19. Nd3 {[%clk 0:40:28]} b6
{[%clk 0:49:07]} 20. Qg4 {[%clk 0:31:23]} Qb7 {[%clk 0:47:31]} 21. b4
{[%clk 0:20:46]} a5 {[%clk 0:34:00]} 22. b5 {[%clk 0:14:39]} Rc7 {[%clk 0:18:13]}
23. e5 {[%clk 0:13:47]} dxe5 {[%clk 0:18:27]} 24. Nxe5 {[%clk 0:14:03]} Nxe5
{[%clk 0:18:37]} 25. Bxe5 {[%clk 0:14:29]} Rcd7 {[%clk 0:18:29]} 26. h3
{[%clk 0:09:07]} Rxd1+ {[%clk 0:13:02]} 27. Rxd1 {[%clk 0:09:36]} f5
{[%clk 0:12:56]} 28. Rxd8 {[%clk 0:04:25]} fxg4 {[%clk 0:13:07]} 29. Bd6
{[%clk 0:04:54]} h5 {[%clk 0:12:25]} 30. Rxf8+ {[%clk 0:05:05]} Kh7
{[%clk 0:12:48]} 31. hxg4 {[%clk 0:05:19]} hxg4 {[%clk 0:09:45]} 32. Rf4
{[%clk 0:04:29]} Qd7 {[%clk 0:04:48]} 33. c5 {[%clk 0:04:15]} bxc5
{[%clk 0:04:37]} 34. Bxc5 {[%clk 0:04:40]} e5 {[%clk 0:03:30]} 35. Rc4
{[%clk 0:04:34]} Qd3 {[%clk 0:00:56]} 36. Rc1 {[%clk 0:04:57]} g3
{[%clk 0:01:13]} 37. fxg3 {[%clk 0:03:45]} Qd2 {[%clk 0:01:22]} 38. Rf1
{[%clk 0:03:32]} Qc2 {[%clk 0:01:28]} 39. Bf2 {[%clk 0:03:47]} Qxa4
{[%clk 0:01:44]} 40. b6 {[%clk 0:33:50]} Qb4 {[%clk 0:31:03]} 41. Ra1
{[%clk 0:29:53]} e4 {[%clk 0:27:58]} 42. Kh2 {[%clk 0:19:53]} Kg6
{[%clk 0:24:49]} 43. b7 {[%clk 0:19:29]} Qxb7 {[%clk 0:25:11]} 44. Rxa5
{[%clk 0:19:54]} Qb2 {[%clk 0:25:01]} 45. Ba7 {[%clk 0:17:22]} Qc3
{[%clk 0:25:00]} 46. Ra4 {[%clk 0:14:12]} Kf5 {[%clk 0:23:50]} 47. Bd4
{[%clk 0:13:48]} Qb3 {[%clk 0:22:10]} 48. Ra7 {[%clk 0:12:16]} g5
{[%clk 0:22:00]} 49. Re7 {[%clk 0:09:30]} Qd5 {[%clk 0:18:15]} 50. Be3
{[%clk 0:08:11]} Qd6 {[%clk 0:17:52]} 51. Re8 {[%clk 0:07:31]} Qd7
{[%clk 0:18:17]} 52. g4+ {[%clk 0:05:29]} Kxg4 {[%clk 0:15:00]} 53. Rxe4+
{[%clk 0:05:37]} Kf5 {[%clk 0:14:42]} 54. Rd4 {[%clk 0:05:32]} Qc7+
{[%clk 0:14:41]} 55. Kg1 {[%clk 0:05:00]} Qc3 {[%clk 0:12:41]} 56. Kf2
{[%clk 0:05:00]} Qb2+ {[%clk 0:13:05]} 57. Rd2 {[%clk 0:05:08]} 1/2-1/2

[Event "World Chess Olympiad 2018"]
[Site "Batumi"]
[Date "2018.09.25"]
[Round "2"]
[Board "4"]
[WhiteFideId "7900856"]
[White "Belouadah Saad"]
[BlackFideId "4303962"]
[Black "Gong Daniel Hanwen"]
[Result "1-0"]
[LiveChessVersion "1.4.8"]
[BlackElo "2276"]
[WhiteElo "2413"]

1. d4 {[%clk 1:30:33]} d6 {[%clk 1:30:47]} 2. e4 {[%clk 1:30:53]} Nf6
{[%clk 1:30:40]} 3. Nc3 {[%clk 1:31:15]} c6 {[%clk 1:31:03]} 4. Nge2
{[%clk 1:29:24]} Qa5 {[%clk 1:29:02]} 5. f3 {[%clk 1:27:40]} e5 {[%clk 1:29:02]}
6. Be3 {[%clk 1:26:31]} h5 {[%clk 1:23:56]} 7. Nc1 {[%clk 1:25:10]} Nbd7
{[%clk 1:22:43]} 8. Qd2 {[%clk 1:20:44]} Be7 {[%clk 1:19:44]} 9. Be2
{[%clk 1:19:13]} Qc7 {[%clk 1:16:54]} 10. a4 {[%clk 1:13:58]} O-O
{[%clk 1:14:01]} 11. Bc4 {[%clk 1:08:38]} d5 {[%clk 0:57:18]} 12. exd5
{[%clk 1:05:33]} Nb6 {[%clk 0:47:30]} 13. Bb3 {[%clk 1:04:35]} Rd8
{[%clk 0:44:22]} 14. Nd3 {[%clk 0:54:24]} exd4 {[%clk 0:35:52]} 15. Bxd4
{[%clk 0:54:45]} Nbxd5 {[%clk 0:34:43]} 16. Ne4 {[%clk 0:08:37]} Nxe4
{[%clk 0:18:31]} 17. fxe4 {[%clk 0:08:53]} Nf6 {[%clk 0:18:02]} 18. Bxf6
{[%clk 0:06:15]} Bxf6 {[%clk 0:18:28]} 19. O-O {[%clk 0:06:40]} Be6
{[%clk 0:13:19]} 20. Bxe6 {[%clk 0:06:28]} fxe6 {[%clk 0:13:44]} 21. Qe2
{[%clk 0:06:40]} h4 {[%clk 0:06:23]} 22. e5 {[%clk 0:05:34]} Bg5 {[%clk 0:06:13]}
23. a5 {[%clk 0:02:29]} c5 {[%clk 0:04:31]} 24. Kh1 {[%clk 0:00:53]} b5
{[%clk 0:02:59]} 25. Qg4 {[%clk 0:00:45]} Qe7 {[%clk 0:02:39]} 26. Nxc5
{[%clk 0:01:02]} Qxc5 {[%clk 0:02:24]} 27. Qxg5 {[%clk 0:01:27]} h3
{[%clk 0:02:13]} 28. Rf3 {[%clk 0:00:45]} Qxc2 {[%clk 0:01:50]} 29. gxh3
{[%clk 0:00:36]} Rd1+ {[%clk 0:02:01]} 30. Rf1 {[%clk 0:00:53]} Rxa1
{[%clk 0:00:49]} 31. Rxa1 {[%clk 0:01:19]} Qxb2 {[%clk 0:01:06]} 32. Rg1
{[%clk 0:01:40]} 1-0